El hombre y la tierra en Boyacá desarrollo histórico de una sociedad minifundista (Registro nro. 42367)

Detalles MARC
000 -ENCABEZADO
Número de control [NR] 00874nam a2200229Ia 4500
008 - DE LONGITUD FIJA DE DATOS DE ELEMENTOS - INFORMACIÓN GENERAL
Elementos de longitud fija [NR] 130821s1973 ck gr spa
040 ## - FUENTE DE CATALOGACION [NR]
Agencia de catalogación original [NR] Co-BoUCM
Idioma de catalogación [NR] spa
041 00 - CODIGO DE IDIOMA [R]
Código de idioma para texto/pista de sonido o título separado [R] Español
100 1# - ASIENTO PRINCIPAL--NOMBRE PERSONAL [NR]
Nombre personal [NR] Fals Borda, Orlando
Fechas asociadas con el nombre [NR] 1925-
245 03 - MENCION DE TITULO [NR]
Título [NR] El hombre y la tierra en Boyacá desarrollo histórico de una sociedad minifundista
Mención de responsabilidad, etc. [NR] Orlando Fals Borda
250 ## - MENCION DE EDICION [NR]
Mención de edición [NR] 2a. ed.
260 ## - PUBLICACION, DISTRIBUCION, ETC. (PIE DE IMPRENTA) [R]
Lugar de publicación, distribución, etc. [R] Bogotá (Colombia)
Nombre del editor, distribuidor, etc. [R] Punta de Lanza
Fecha de publicación, distribución, etc. [R] 1973
300 ## - DESCRIPCION FISICA [R]
Extensión [R] 215 páginas
650 04 - ASIENTO SECUNDARIO DE MATERIA - TERMINO TEMATICO [R]
9 (RLIN) 8726
Término temático o nombre geográfico como elemento de entrada [NR] Agricultura y Estado
Subdivisión geográfica [R] Boyacá (Colombia)
650 04 - ASIENTO SECUNDARIO DE MATERIA - TERMINO TEMATICO [R]
Término temático o nombre geográfico como elemento de entrada [NR] Agricultura
9 (RLIN) 8719
650 04 - ASIENTO SECUNDARIO DE MATERIA - TERMINO TEMATICO [R]
Término temático o nombre geográfico como elemento de entrada [NR] Reforma agraria
Subdivisión geográfica [R] Boyacá (Colombia)
9 (RLIN) 23278
650 04 - ASIENTO SECUNDARIO DE MATERIA - TERMINO TEMATICO [R]
Término temático o nombre geográfico como elemento de entrada [NR] Sociología rural
Subdivisión geográfica [R] Boyacá (Colombia)
9 (RLIN) 24813
651 ## - ASIENTO SECUNDARIO DE MATERIA - NOMBRE GEOGRAFICO [R]
Nombre geográfico [NR] Boyacá (Colombia)
Subdivisión general [R] Condiciones económicas
651 ## - ASIENTO SECUNDARIO DE MATERIA - NOMBRE GEOGRAFICO [R]
Nombre geográfico [NR] Boyacá (Colombia)
Subdivisión general [R] Condiciones sociales
942 ## - ELEMENTOS DE ENTRADA AGREGADOS (KOHA)
Tipo de ítem principal el descrito en 300a Libro
Tema principal Economía
Edición 2
Parte restante de la signatura top. F197h
Sistema de clasificación DEWEY
Clasificación 333.3186137
Existencias
Fecha de último préstamo Total préstamos Total Renewals Signatura topográfica Código de barras Última vez visto Volúmen / Fascículo Ejemplar Price effective from Tipo de ítem Perdido Sistema de clasificación Dañado No prestable Tipo de ítem específico Suprimido Ubicación habitual Ubicación actual Localización Fecha de creación Forma de adquisición Costo
02/10/2017 12 5 333.3186137 F197h 100058921 04/12/2025 2a. Ed. Ej.1 03/02/2013 Libro   DEWEY     Libro   Claustro Claustro Mezanine 28/02/2004 Donación 24500.00
20/06/2017 10 12 333.3186137 F197h 100062948 04/12/2025 2a. Ed. Ej.2 03/02/2013 Libro   DEWEY     Libro   Claustro Claustro Mezanine 28/02/2009 Donación 26000.00